=LDR 00000nam 2200000 4500 =001 INLIS000000000001880 =005 20130612090248 =008 ***********************************Eng** =035 ##$$0010-061300000001880 =041 ##$$a Eng =082 ##$$a 613 =090 ##$$a 613, Sum c =100 ##$$a Sumantri,S =245 ##$$a Changes in healt and family planning practice and demografhic trends,Mojokerto, east java, 1974-1978, S.Sumantri,Soemartono =260 ##$$a 1986 $b Yogyakarta =300 ##$$a xv,45 hlm, 21 cm =650 ##$$a KB =650 ##$$a Latihan =650 ##$$a Aspek Kesehatan =700 ##$$a Sumartono =850 ##$$a NBPNMAT